000 00624nam a2200229Ia 4500
003 OSt
005 20220925230115.0
006 a|||||r|||| 00| 0
007 ta
008 220923b |||||||| |||| 00| 0 eng d
037 _cGeneral Book
040 _aRTL
_cRTL
_beng
041 _2eng
_aeng
082 _aU2k, M6/RR
100 _aBryce James
_9115169
245 0 _aDictionary of descricptive and physical geography
260 _aLondon
_bUK
_c1996
300 _axlviii, 823p.
_ccm.
650 _aPhysical Geography
942 _hU2k, M6/RR
_cGB
_2CC
999 _c584725
_d584725